000 01650nam a2200325Ia 4500
001 ebr10038677
003 CaPaEBR
006 m u
007 cr cn|||||||||
008 030714s2002 dcua sb 000 0 eng d
010 _z 2003545226
020 _z0309085411
040 _aCaPaEBR
_cCaPaEBR
035 _a(OCoLC)52862363
050 1 4 _aRA565
_b.H385 2002eb
245 0 0 _aHealth and the environment in the southeastern United States
_h[electronic resource] /
_cHoward Frumkin, Richard J. Jackson, and Christine M. Coussens, editors ; Roundtable on Environmental Health Sciences, Research, and Medicine, Division of Health Sciences Policy, Institute of Medicine of the National Academies.
260 _aWashington, D.C. :
_bNational Academy Press,
_cc2002.
300 _axviii, 66 p. :
_bill.
500 _a"Regional workshop, Rebuilding the Unity of Health and the Environment in the Southeastern United States, was held in Atlanta, Georgia, on June 27, 2001"--Pref.
504 _aIncludes bibliographical references (p. 48-52).
533 _aElectronic reproduction.
_bPalo Alto, Calif. :
_cebrary,
_d2009.
_nAvailable via World Wide Web.
_nAccess may be limited to ebrary affiliated libraries.
650 0 _aEnvironmental health
_zSouthern States.
650 0 _aEnvironmentally induced diseases
_zSouthern States.
655 7 _aElectronic books.
_2local
700 1 _aFrumkin, Howard.
700 1 _aJackson, Richard,
_d1945-
700 1 _aCoussens, Christine.
710 2 _aebrary, Inc.
856 4 0 _uhttp://site.ebrary.com/lib/rucke/Doc?id=10038677
_zAn electronic book accessible through the World Wide Web; click to view
999 _c162122
_d162122